All Princess and the Frog characters by screen time - Statistics

General Stats
  • This quiz has been taken 18 times
  • The average score is 7 of 19
Answer Stats
% Of Movie Screen Time Answer % Correct
34.16 33:14 Prince Naveen
100%
45.67 44:26 Tiana
100%
11.89 11:34 Louis
93%
12.85 12:30 Ray
86%
10.45 10:10 Dr. Facilier
71%
6.37 6:12 Mama Odie
71%
9.83 9:34 Lottie La Bouff
57%
8.34 8:07 Lawrence
36%
3.12 3:02 Eli La Bouff
21%
1.82 1:46 Juju
21%
2.91 2:50 Dr. Facilier's Shadow
14%
2.45 2:23 James
14%
2.16 2:06 Evangeline
7%
1.70 1:39 Reggie
7%
1.61 1:34 Darney
0%
5.43 5:17 Eduora
0%
.98 :57 Harvey Fenner
0%
1.15 1:07 Henry Fenner
0%
1.54 1:30 Two Fingers
0%
No matching quizzes found
Score Distribution
Percent of People with Each Score
Percentile by Number Answered
Your Score History
You have not taken this quiz